Detalles MARC
| 000 -LIDER |
| fixed length control field |
01121nam a2200337 a 4500 |
| 001 - NÚMERO DE CONTROL |
| Identificador de número de control |
000018500 |
| 003 - IDENTIFICACDOR DE NÚMERO DE CONTROL |
| control field |
DO-SdBNP |
| 005 - DATE AND TIME OF LATEST TRANSACTION |
| control field |
20171023082416.0 |
| 007 - CAMPOS FIJOS DE DESCRIPCIÓN FÍSICA |
| fixed length control field |
000018500 |
| 008 - ELEMENTOS DE LONGITUD FIJA |
| fixed length control field |
100511s2010 dr 000 0 spa d |
| 020 ## - ISBN |
| International Standard Book Number |
9789945163377 |
| 040 ## - FUENTE DE CATALOGACIÓN |
| Agencia que crea de manera original el registro |
BPMSU |
| Idioma de catalogación |
spa |
| Agencia que realiza la transcripción |
BPMSU |
| 082 #4 - NÚMERO DE CLASIFICACIÓN DECIMAL DE DEWEY |
| Classification number |
158.1 |
| Item number |
S715p, 2010 |
| 100 1# - ASIENTO PRINCIPAL -- NOMBRE PERSONAL |
| Nombre personal |
Sosa, José Rafael |
| 245 10 - MENCIÓN DE TITULO |
| Título |
Para levantar el vuelo : |
| Subtítulo |
¡vivir es tan simple! / |
| Mención de responsabilidad |
José Rafael Sosa ; edición al cuidado Claudio Pérez ; corrección Yackeline Díaz López, Kirsis Melo ; prólogo Altagracia Salazar. |
| 250 ## - MENCIÓN DE EDICION |
| Mención de edición |
2a ed. |
| 260 ## - PUBLICACIÓN, DISTRIBUCIÓN, ETC. (PIE DE IMPRENTA) |
| Lugar de publicación, distribución, etc |
Santo Domingo : |
| Nombre del editor, distribuidor, etc. |
Bho, |
| Fecha de publicación, distribución, etc |
2010. |
| 300 ## - DESCRIPCIÓN FÍSICA |
| Extensión |
xxi, 125 p. ; |
| Dimensiones |
22 cm. |
| 650 #4 - ENCABEZAMIENTO DE MATERIA--TEMÁTICO |
| Término temático o nombre geográfico como elemento de entrada |
REFLEXIONES (FILOSOFÍA) |
| 650 #4 - ENCABEZAMIENTO DE MATERIA--TEMÁTICO |
| Término temático o nombre geográfico como elemento de entrada |
VIDA CRISTIANA |
| 650 #4 - ENCABEZAMIENTO DE MATERIA--TEMÁTICO |
| Término temático o nombre geográfico como elemento de entrada |
AUTORREALIZACIÓN (PSICOLOGÍA) |
| 650 #4 - ENCABEZAMIENTO DE MATERIA--TEMÁTICO |
| Término temático o nombre geográfico como elemento de entrada |
TÉCNICAS DE AUTOAYUDA |
| 700 1# - ASIENTO SECUNDARIO -- NOMBRE PERSONAL |
| Nombre personal |
Pérez, Claudio, |
| Mención de responsabilidad |
ed. |
| 700 1# - ASIENTO SECUNDARIO -- NOMBRE PERSONAL |
| Nombre personal |
Díaz López, Yackeline |
| 700 1# - ASIENTO SECUNDARIO -- NOMBRE PERSONAL |
| Nombre personal |
Melo, Kirsis |
| 700 1# - ASIENTO SECUNDARIO -- NOMBRE PERSONAL |
| Nombre personal |
Salazar, Altagracia, |
| Mención de responsabilidad |
pról. |
| 910 ## - VALIDACIÓN |
| Validación |
Validado. Control de calidad BNPHU |
| 942 ## - ADDED ENTRY ELEMENTS (KOHA) |
| Source of classification or shelving scheme |
Dewey Decimal Classification |
| Koha item type |
Libros |
| 945 ## - INFORMACIÓN DE PROCESAMIENTO LOCAL |
| Información de procesamiento local |
Inventariado / 2017 VM |
| 956 ## - LOCAL ELECTRONIC LOCATION AND ACCESS (OCLC) |
| Nombre de host |
VMATEO |
| Número de acceso |
10 |
| Información de compresión |
BPMSU |
| Inicio de sesión |
20150722 |
| Procesador de solicitud |
00151 |